عرض عادي
عرض مارك
مدخل Personal Name
001 - CONTROL NUMBER
- control field: 10816
003 - CONTROL NUMBER IDENTIFIER
- control field: DLC
005 - DATE AND TIME OF LATEST TRANSACTION
- control field: 20260525113859.0
008 - FIXED-LENGTH DATA ELEMENTS
- fixed length control field: 780822n| acannaabn |b aaa
010 ## - LIBRARY OF CONGRESS CONTROL NUMBER
- LC control number: n 78057721
035 ## - SYSTEM CONTROL NUMBER
- System control number: (OCoLC)oca00193456
040 ## - CATALOGING SOURCE
- Original cataloging agency: DLC
- Language of cataloging: eng
- Transcribing agency: DLC
- Modifying agency: DLC
- Modifying agency: OCoLC
100 1# - HEADING--PERSONAL NAME
- Personal name: كامل، سعد
400 0# - SEE FROM TRACING--PERSONAL NAME
- Personal name: Saʻd Kāmil
400 1# - SEE FROM TRACING--PERSONAL NAME
- Personal name: كامل، سعد
500 ## - SEE ALSO FROM TRACING--PERSONAL NAME
- Personal name: Kāmil, Saʻd
670 ## - SOURCE DATA FOUND
- Source citation: ʻŪdah, M. Qiṣṣat al-Sūfyīt maʻa ... 1976? (a.e.)
- Information found: t.p. (Saʻd Kāmil)
905 ## - cataloger
- cataloger: Auth_BKS